000 00396nam a2200157Ia 4500
008 230917s9999||||xx |||||||||||||| ||und||
020 _cFL25
040 _e23125
_aMAIN
041 _aEnglish
082 _a330.1 V332E
100 _aVan Meerhaeghe, M.A.G
245 0 _aEconomic theory: A critic's compaion
260 _aLondon
_bH.E.Steriert Kroese
_c1980
300 _ax,126 p.
942 _cBK
999 _c217404
_d217404